| 000 | 00838nam a2200265 a 4500 | ||
|---|---|---|---|
| 001 | 000044163 | ||
| 003 | DO-SdBNP | ||
| 005 | 20220927134759.0 | ||
| 007 | 000044163 | ||
| 008 | 140603s2003 dr a 000 0 spa d | ||
| 020 | _a9993476986 | ||
| 040 |
_aBPMSU _bspa _cBPMSU |
||
| 082 |
_bC111R 2003 _a923.27293 _222 |
||
| 100 | 1 | _aCassá, Roberto | |
| 245 | 1 | 0 |
_aFrancisco Alberto Caamaño Deñó : _bel gigante de abril / _cRoberto Cassá. |
| 260 |
_aSanto Domingo : _bTOBOGAN, _c2003. |
||
| 300 |
_a105 p. : _bil. ; _c21 cm. |
||
| 490 | 0 | _aBiografía dominicana | |
| 504 | _aBibliografía : p. 105 | ||
| 590 | _aInventariado, 2022/VM | ||
| 600 | 1 | 4 |
_aCaamaño Deñó, Francisco Alberto _d1932-1973. _vBiografías |
| 651 | 4 |
_aRepública Dominicana _xHistoria _yRevolución 1965 |
|
| 910 | _aVMateo V. /Validado | ||
| 942 |
_2ddc _cBK |
||
| 999 |
_c7333 _d7333 |
||